Alucina!: mi vida con Frank Zappa
Gorde:
| Egile nagusia: | |
|---|---|
| Formatua: | Liburua |
| Hizkuntza: | gaztelania |
| Argitaratua: |
Barcelona
Malpaso Ediciones
2016
|
| Edizioa: | 1a. ed |
| Gaiak: | |
| Etiketak: |
Etiketa erantsi
Etiketarik gabe, Izan zaitez lehena erregistro honi etiketa jartzen!
|
MARC
| LEADER | 00000cam a2200000 a 4500 | ||
|---|---|---|---|
| 001 | UCC4027 | ||
| 003 | CL-VaPUC | ||
| 008 | 180629e20160200sp |||||||||||||||||spa|d | ||
| 020 | |a 9788416420667 | ||
| 082 | 0 | 4 | |a 780.92 |b BUT |2 21 |
| 100 | 0 | |a Butcher, Pauline |e author |9 598150 | |
| 245 | 1 | 0 | |a Alucina!: mi vida con Frank Zappa |
| 250 | |a 1a. ed | ||
| 300 | |a 407 p | ||
| 942 | |c BK | ||
| 945 | |d 20180629 12:42:00 |a arojas | ||
| 260 | |a Barcelona |b Malpaso Ediciones |c 2016 | ||
| 500 | |a Incluye E-Book | ||
| 650 | 0 | |a Músicos estadounidenses |9 457914 | |
| 650 | 0 | |a Biografías |9 255210 | |
| 583 | |a last modification |c 20180629 12:42:00 |k Rodrigo Vera | ||
| 999 | |c 371639 |d 371637 | ||
| 952 | |0 0 |1 0 |3 erd |4 0 |6 780_920000000000000_BUT_2016 |7 0 |8 A |9 488704 |a BIBART |b BIBART |i 5477883 |o 780.92 BUT 2016 |p 5477883 |r 2025-03-13 |w 2019-11-24 |y BK |z Catalogado en:20180629 |k ART | ||